Bundesland in Bildern - Mecklenburg-Vorpommern - Statistiken

Allgemein
  • Dieses Quiz wurde 45 mal gespielt
  • Das Durchschnittsergebnis liegt bei 8 aus 16
Antwortstatistiken
Bildquiz Antwort % Korrekt
Strandkorb
90%
Schweriner Schloss
85%
AIDA
77%
Königsstuhl
77%
Ostseestadion
62%
Warnemünde
59%
Stralsund
51%
Bad Doberan
41%
Otto Lilienthal
41%
Wismar
41%
Mecklenburgische Seenplatte
31%
Müritz
28%
Rügenbrücke
28%
Ahlbeck
23%
Hansestadt
23%
Darß
18%
Keine übereinstimmenden Quizze gefunden
Verteilung der Resultate
Anzahl Personen mit jedem Resultat
Perzentil nach korrekt beantworteten Fragen
Ihre Resultats-Entwicklung
Sie haben dieses Quiz noch nicht gespielt